| 000 | 00482nam a2200193Ia 4500 | ||
|---|---|---|---|
| 008 | 170918s9999 xx 000 0 und d | ||
| 020 | _a9780590205177 | ||
| 050 | _bK537 1963 | ||
| 100 | _aKing, Martin Luther | ||
| 245 | _aI have a dream / | ||
| 245 | _cMartin Luther King, Jr. ; Coretta Scott King. | ||
| 260 | _aNew York : | ||
| 260 | _bScholastic, | ||
| 260 | _c1963 | ||
| 300 | _a40 pages : | ||
| 300 | _bcolored illustration ; | ||
| 300 | _c31cm. | ||
| 500 | _a1130 | ||
| 999 |
_c341992 _d341992 |
||